01565nam a2200337 i 4500003000900000005001700009008004100026017001100067020001500078040004600093041000800139082002800147092000700175099003600182100004800218245018300266264005100449300008000500336002200580337002400602338003300626504010800659546009600767650008100863651001000944856005700954905000701011942001901018999001701037952017301054EG-GICUC20260121101532.0251222s1991 ua ||||fr|||| 00| 0 ara d a884716 a9770403938 a EG-GICUCbarac EG-GICUCd EG-GICUCerda0 aara04221a345.441bع ا . ط04221 aLaw1 07 345.441 ع ا . ط 19910 aعاصم أحمد عجيلةeمؤلف.10aطاعة الرؤساء وحدودها فى الوظيفة العامة :bإدارياً, تأديباً, جنائيآ, مدنياً /cعاصم أحمد عجيلة. 1aالقاهرة :bعالم الكتب،c1991. a350 ؛ صفحةc24 سم.bإيضاحيات، صور، مثيليات ؛  2rda contentatext 2rda mediaaComputer 2rda carrieraOnline Resource aيحتوي على ارجاعات ببليوجرافية يحتوي على قائمة بالمراجع aالنص أغلبه باللغة العربية مع بعض النصوص الفرنسية14aمبدا طاعة الرؤساء xالقانون الإداري2qrmak1 2qrmak40uhttps://fll.law.cu.edu.eg/fulltext/bks/B07-01807.pdf a75 2ddccBKe21n0 c52171d52171 00102ddc40718القانون الإداريaCUbLAW1d2025-12-22l0oLaw1 07 345.441 ع ا . ط 1991 0701807 C1pB07-01807r2025-12-22 17:41:51t1w2025-12-22yBK